[Event "OLNN 2122 Schachfreunde HH - SK Doppelb"]
[Site "?"]
[Date "2022.05.15"]
[Round "4.7"]
[White "Budzyn, Matthias"]
[Black "Hermann, Matthias"]
[Result "1/2-1/2"]
[WhiteElo "2157"]
[BlackElo "2220"]
[PlyCount "70"]
[EventDate "2022.??.??"]

1. e4 d6 2. d4 Nf6 3. Nc3 g6 4. Bg5 Bg7 5. Qd2 h6 6. Bf4 c6 7. O-O-O b5 8. f3
a6 9. Kb1 Be6 10. d5 cxd5 11. exd5 Bc8 12. Ne4 Nh5 13. Be3 Nd7 14. Ne2 Bb7 15.
N2g3 Nhf6 16. c4 Kf8 17. Nxf6 Nxf6 18. Ne4 Kg8 19. Nxf6+ Bxf6 20. Bd4 Bxd4 21.
Qxd4 bxc4 22. Bxc4 Kh7 23. h4 h5 24. g4 Kg8 25. g5 Bc8 26. Bd3 Rb8 27. Rc1 Kh7
28. Rhe1 Re8 29. Rc6 Qa5 30. Rec1 Bb7 31. f4 Bxc6 32. dxc6 Qb6 33. Qc3 Rec8 34.
b3 Rc7 35. Qc4 e6 1/2-1/2

[Event "OLNN 2122 SC Königsspringer HH - Preet"]
[Site "?"]
[Date "2022.05.15"]
[Round "4.2"]
[White "Zimmermann, Julian"]
[Black "Pedersen, Steffen"]
[Result "1/2-1/2"]
[WhiteElo "2297"]
[BlackElo "2344"]
[PlyCount "29"]
[EventDate "2022.??.??"]

1. e4 e5 2. Nf3 Nc6 3. d4 exd4 4. Nxd4 Nf6 5. Nc3 Bb4 6. Nxc6 bxc6 7. Bd3 O-O
8. O-O Re8 9. Qf3 Rb8 10. Bg5 Bd6 11. Bxf6 Qxf6 12. Qxf6 gxf6 13. Rab1 Be5 14.
Nd1 d5 15. exd5 {(=)} 1/2-1/2

[Event "OLNN 2122 SC Königsspringer HH - Preet"]
[Site "?"]
[Date "2022.05.15"]
[Round "4.3"]
[White "Reinecker, Kai"]
[Black "Borgmeyer, Max"]
[Result "1/2-1/2"]
[WhiteElo "2271"]
[BlackElo "2187"]
[PlyCount "53"]
[EventDate "2022.??.??"]

1. e4 c5 2. c3 Nf6 3. e5 Nd5 4. d4 cxd4 5. Nf3 Nc6 6. cxd4 d6 7. Bc4 Nb6 8. Bb5
dxe5 9. Nxe5 Bd7 10. Nxd7 Qxd7 11. O-O a6 12. Bxc6 Qxc6 13. Nc3 e6 14. Re1 Nd5
15. Qf3 Nxc3 16. Qxc6+ bxc6 17. bxc3 Bd6 18. Rb1 Rb8 19. Rxb8+ Bxb8 20. Ba3 Kd7
21. Rb1 Bc7 22. Kf1 Rb8 23. Rxb8 Bxb8 24. Ke2 Bd6 25. Bxd6 Kxd6 26. Kd3 Kd5 27.
f4 {(=)} 1/2-1/2

[Event "OLNN 2122 SC Königsspringer HH - Preet"]
[Site "?"]
[Date "2022.05.15"]
[Round "4.4"]
[White "Wagner, Friedrich"]
[Black "Schwarz, Frank"]
[Result "0-1"]
[WhiteElo "2143"]
[BlackElo "2227"]
[PlyCount "72"]
[EventDate "2022.??.??"]

1. c4 e6 2. Nf3 d5 3. b3 Nf6 4. g3 Be7 5. Bg2 O-O 6. O-O Nbd7 7. Bb2 c6 8. Nc3
b6 9. d3 Bb7 10. Qc2 Rc8 11. e4 b5 12. Qe2 a6 13. Rfe1 Qb6 14. Rad1 Rfd8 15. e5
Ne8 16. d4 bxc4 17. bxc4 dxc4 18. Qc2 Nc7 19. Nd2 Nb5 20. Nxc4 Qa7 21. Ne2 c5
22. Bxb7 Qxb7 23. Qb3 Rb8 24. a4 Nxd4 25. Qxb7 Rxb7 26. Bxd4 cxd4 27. Nxd4 Rc7
28. Na5 Rdc8 29. Nac6 Bf8 30. Re2 Nc5 31. Nb4 Nxa4 32. Nxa6 Ra7 33. Ra1 Rxa6
34. Raa2 Rca8 35. Nb3 Nc5 36. Rxa6 Rxa6 0-1

[Event "OLNN 2122 SC Königsspringer HH - Preet"]
[Site "?"]
[Date "2022.05.15"]
[Round "4.5"]
[White "Moeller, Dustin"]
[Black "Lampe, Joerg"]
[Result "1-0"]
[WhiteElo "2238"]
[BlackElo "2106"]
[PlyCount "117"]
[EventDate "2022.??.??"]

1. d4 d5 2. c4 e6 3. Nf3 c5 4. cxd5 exd5 5. g3 Nc6 6. Bg2 Nf6 7. O-O Be7 8.
dxc5 Bxc5 9. a3 O-O 10. b4 Be7 11. Nc3 Bg4 12. Bb2 Qd7 13. b5 Na5 14. Ne5 Qf5
15. Nxg4 Qxg4 16. Nxd5 Nxd5 17. Bxd5 Nc4 18. Qa4 Qxe2 19. Qxc4 Qxb2 20. Ra2 Qf6
21. Bxb7 Rad8 22. a4 Rd4 23. Qc6 Rfd8 24. Qxf6 Bxf6 25. a5 Be5 26. Re1 Rd1 27.
Rxd1 Rxd1+ 28. Kg2 Ra1 29. Rd2 Kf8 30. a6 Bc7 31. Rd7 Bb6 32. Bd5 Rd1 33. Rd6
Bc5 34. b6 Bxb6 35. Rxb6 Rxd5 36. Rb7 Ra5 37. Rxa7 g6 38. Kf3 Ra2 39. h4 h5 40.
Ke3 Kg7 41. Ra8 Kf6 42. Kd4 Rxf2 43. Kc5 Ra2 44. Kb6 Rb2+ 45. Ka7 Kf5 46. Rb8
Ra2 47. Rb4 Re2 48. Kb6 Re6+ 49. Ka5 Re7 50. Rb7 Re1 51. Rb5+ Kg4 52. Rg5+ Kf3
53. a7 Re8 54. Rb5 Kxg3 55. Rb8 Re5+ 56. Ka4 Re4+ 57. Kb3 Re3+ 58. Kc2 Ra3 59.
Rb3+ 1-0

[Event "OLNN 2122 SC Königsspringer HH - Preet"]
[Site "?"]
[Date "2022.05.15"]
[Round "4.6"]
[White "Hloskovsky, Andrei"]
[Black "Skaanning-Pedersen, Kim Henrik"]
[Result "0-1"]
[WhiteElo "2082"]
[BlackElo "2242"]
[PlyCount "45"]
[EventDate "2022.??.??"]

1. e4 c5 2. Nc3 g6 3. g3 Nc6 4. Bg2 Bg7 5. d3 d6 6. Be3 e5 7. Qd2 Nd4 8. Nd5
Ne7 9. c3 Nxd5 10. exd5 Nf5 11. Nf3 Nxe3 12. Qxe3 O-O 13. O-O f5 14. Qg5 Qe8
15. Rab1 f4 16. Nh4 Bf6 17. Qh6 Bg7 18. Qg5 Rf6 19. Nf3 h6 20. Qh4 g5 21. Nxg5
hxg5 22. Qxg5 Rg6 23. Qh4 0-1

[Event "OLNN 2122 SC Königsspringer HH - Preet"]
[Site "?"]
[Date "2022.05.15"]
[Round "4.7"]
[White "Light, Bjarne"]
[Black "Raider, Eugen"]
[Result "1/2-1/2"]
[WhiteElo "2212"]
[BlackElo "2024"]
[PlyCount "76"]
[EventDate "2022.??.??"]

1. c4 b6 2. Nc3 e6 3. e4 c5 4. g3 Nc6 5. Bg2 g5 6. Nge2 Ne5 7. d3 Bb7 8. f4
gxf4 9. Bxf4 Ng6 10. Be3 h5 11. h3 h4 12. g4 a6 13. O-O Bd6 14. Nf4 Nxf4 15.
Bxf4 Bxf4 16. Rxf4 Qg5 17. Qf1 Rh7 18. a4 Ne7 19. a5 bxa5 20. Rxa5 Nc6 21. Ra3
Nd4 22. Rf2 Rb8 23. Ne2 Nc2 24. Rb3 Rg7 25. Bf3 Qe5 26. Qd1 Nd4 27. Nxd4 cxd4
28. Rb6 Kd8 29. Qb3 Kc7 30. c5 Rgg8 31. Qa3 f5 32. Qa5 Kc8 33. exf5 Qg3+ 34.
Bg2 Bxg2 35. Rxg2 Qe3+ 36. Kh2 Qf4+ 37. Kh1 Qf1+ 38. Kh2 Qf4+ 1/2-1/2

[Event "OLNN 2122 SC Königsspringer HH - Preet"]
[Site "?"]
[Date "2022.05.15"]
[Round "4.8"]
[White "Khalaf, Ayman"]
[Black "Willsch, Matthias"]
[Result "0-1"]
[WhiteElo "1797"]
[BlackElo "2155"]
[PlyCount "112"]
[EventDate "2022.??.??"]

1. d4 e6 2. c4 d5 3. Nf3 c5 4. cxd5 exd5 5. Nc3 Nc6 6. e3 Nf6 7. Be2 a6 8. O-O
Bd6 9. b3 O-O 10. Bb2 Re8 11. Rc1 cxd4 12. Nxd4 Ne5 13. h3 Bb8 14. Qc2 Qd6 15.
f4 Ng6 16. Qd3 Nh4 17. g3 Ng6 18. Kg2 Qd7 19. Rh1 Qe7 20. Bf3 Qd6 21. Rhe1 Ne7
22. e4 Qd7 23. Rh1 dxe4 24. Nxe4 Ned5 25. Nc5 Qd6 26. Ne2 Bf5 27. Qd4 Ba7 28.
g4 Bxc5 29. Rxc5 Be4 30. Rhc1 Nxf4+ 31. Nxf4 Qxf4 32. Bxe4 Qxe4+ 33. Qxe4 Nxe4
34. Rc7 b5 35. Rf1 f6 36. h4 Rec8 37. Rfc1 Rxc7 38. Rxc7 h6 39. Kf3 Nd6 40. g5
hxg5 41. hxg5 Ne8 42. Rc6 Kf7 43. Kg4 a5 44. Rb6 b4 45. Kf5 fxg5 46. Rb7+ Kf8
47. Be5 Ra6 48. Rd7 Nf6 49. Rb7 g4 50. Rb8+ Kf7 51. Rb7+ Kg8 52. Rb8+ Kh7 53.
Rb5 Kh6 54. Bf4+ Kh5 55. Rc5 g6+ 56. Ke5 Nd7+ 0-1

[Event "OLNN 2122 SC Diogenes - SF Schwerin"]
[Site "?"]
[Date "2022.05.29"]
[Round "5.1"]
[White "Kesten, Sebastian"]
[Black "Schulenburg, Torben"]
[Result "1-0"]
[WhiteElo "2298"]
[BlackElo "2210"]
[PlyCount "117"]
[EventDate "2022.??.??"]

1. d4 Nf6 2. Nf3 g6 3. g3 Bg7 4. Bg2 O-O 5. O-O d5 6. c4 dxc4 7. Na3 Nc6 8.
Nxc4 Be6 9. b3 Bd5 10. Bb2 a5 11. a4 Qb8 12. Nfe5 Bxg2 13. Kxg2 Nxe5 14. dxe5
Rd8 15. Qc2 Nd5 16. Rfd1 Nb4 17. Qe4 Qa7 18. e6 Bxb2 19. exf7+ Kxf7 20. Nxb2
Qa6 21. Nc4 Rxd1 22. Rxd1 Qe6 23. Qxb7 Qc6+ 24. Qxc6 Nxc6 25. Rd5 Ke6 26. Rc5
Kd7 27. e3 Rb8 28. h4 e6 29. g4 h6 30. Kg3 Ra8 31. f4 Rb8 32. Kf3 Ra8 33. h5
gxh5 34. Rxh5 Rb8 35. Rc5 Ra8 36. f5 exf5 37. gxf5 h5 38. Kf4 Rh8 39. Nxa5 Nxa5
40. Rxa5 h4 41. Rd5+ Ke7 42. Rd2 h3 43. Rh2 Kf6 44. Kg4 Rg8+ 45. Kxh3 Kxf5 46.
Rc2 Ke4 47. Rxc7 Kxe3 48. Rb7 Ra8 49. Rb5 Kd4 50. a5 Ra7 51. b4 Ke4 52. Rb6
Rh7+ 53. Kg4 Rh1 54. a6 Ra1 55. b5 Kd5 56. Rb7 Rg1+ 57. Kf3 Kc5 58. a7 Ra1 59.
b6 1-0

[Event "OLNN 2122 SC Diogenes - SF Schwerin"]
[Site "?"]
[Date "2022.05.29"]
[Round "5.2"]
[White "Hochgraefe, Markus"]
[Black "Schulz, Karsten"]
[Result "1-0"]
[WhiteElo "2383"]
[BlackElo "2290"]
[PlyCount "77"]
[EventDate "2022.??.??"]

1. Nf3 d5 2. d4 Nf6 3. c4 e6 4. g3 Be7 5. Bg2 O-O 6. Nc3 c6 7. O-O b6 8. b3 Ba6
9. Nd2 b5 10. c5 b4 11. Na4 e5 12. Bb2 e4 13. a3 bxa3 14. Rxa3 Re8 15. b4 Qc8
16. Nc3 e3 17. fxe3 Ng4 18. Nxd5 Bg5 19. Ne4 Rxe4 20. Bxe4 cxd5 21. Bf5 Nxe3
22. Bxc8 Nxd1 23. Bxa6 Nxa6 24. Rxd1 Nxb4 25. Rda1 Nc6 26. Ra6 Rc8 27. Kf2 h5
28. Bc3 Kh7 29. Rb1 Bf6 30. e3 Kg6 31. Rb7 h4 32. g4 Nd8 33. Rbxa7 Ne6 34. Ra8
Rc7 35. R8a7 Rc8 36. Ra8 Rc7 37. Ba5 Rb7 38. Bb6 Ng5 39. R6a7 1-0

[Event "OLNN 2122 SC Diogenes - SF Schwerin"]
[Site "?"]
[Date "2022.05.29"]
[Round "5.3"]
[White "Reichmann, Hendrik"]
[Black "Schulenburg, Fabian"]
[Result "1/2-1/2"]
[WhiteElo "2332"]
[BlackElo "2312"]
[PlyCount "114"]
[EventDate "2022.??.??"]

1. d4 d5 2. Bf4 Nf6 3. e3 e6 4. Nd2 Bd6 5. Bg3 Bxg3 6. hxg3 Nbd7 7. Ngf3 Qe7 8.
c4 e5 9. cxd5 Nxd5 10. Qb3 c6 11. Bc4 exd4 12. Nxd4 Nc5 13. Qc2 Nb4 14. Qb1 h5
15. a3 Nd5 16. Qc2 Nf6 17. Be2 g6 18. Bf3 Bd7 19. Rc1 Ne6 20. Nxe6 Qxe6 21. Qc5
Qe7 22. Qd4 O-O 23. Qf4 Bg4 24. Qg5 Bxf3 25. gxf3 Rfe8 26. O-O Rad8 27. e4 Rd3
28. Kg2 Nh7 29. Qxe7 Rxe7 30. Nc4 Ng5 31. Rc3 Red7 32. Rfc1 Nxf3 33. Rxd3 Rxd3
34. Na5 Ng5 35. e5 Rd7 36. Rc4 Ne6 37. b4 Kf8 38. f4 Nd8 39. Rc3 Ke7 40. Nc4
Rd5 41. Kf3 f6 42. Ke4 fxe5 43. Nxe5 Kf6 44. g4 Nf7 45. g5+ Kg7 46. Nd3 Nd6+
47. Ke3 Nf5+ 48. Kf2 Ne7 49. Nc5 b6 50. Nd3 Kf8 51. Kf3 Ke8 52. Ne5 Rd6 53. Ke4
Re6 54. Rd3 Nc8 55. Kf3 Ne7 56. Ke4 Nf5 57. Rc3 Ne7 1/2-1/2

[Event "OLNN 2122 SC Diogenes - SF Schwerin"]
[Site "?"]
[Date "2022.05.29"]
[Round "5.4"]
[White "Mach, Holger"]
[Black "Wolf, Christoph"]
[Result "1/2-1/2"]
[WhiteElo "2200"]
[BlackElo "2215"]
[PlyCount "24"]
[EventDate "2022.??.??"]

1. e4 e6 2. d3 d5 3. Nd2 c5 4. Ngf3 Nf6 5. g3 Nc6 6. Bg2 Be7 7. O-O b6 8. Re1
Bb7 9. e5 Nd7 10. Nf1 g5 11. h3 h5 12. N1h2 Rg8 1/2-1/2

[Event "OLNN 2122 SC Diogenes - SF Schwerin"]
[Site "?"]
[Date "2022.05.29"]
[Round "5.5"]
[White "Rittemann, Steffen"]
[Black "Laqua, Christian"]
[Result "1/2-1/2"]
[WhiteElo "2160"]
[BlackElo "2101"]
[PlyCount "49"]
[EventDate "2022.??.??"]

1. Nf3 Nf6 2. c4 c5 3. g3 b6 4. Bg2 Bb7 5. Nc3 e6 6. O-O Be7 7. a3 a6 8. Rb1
Qc7 9. d3 Nc6 10. Bf4 d6 11. b4 Nd8 12. bxc5 bxc5 13. Qb3 Nd7 14. Nd2 Bxg2 15.
Kxg2 Qc6+ 16. Kg1 O-O 17. Qa4 Ra7 18. Nde4 Qc7 19. Rb2 Nc6 20. Rfb1 h6 21. Be3
f5 22. Nd2 Bf6 23. Qc2 Rb8 24. Rxb8+ Ndxb8 25. Nf3 1/2-1/2

[Event "OLNN 2122 SC Diogenes - SF Schwerin"]
[Site "?"]
[Date "2022.05.29"]
[Round "5.6"]
[White "Gottuk, Stefan"]
[Black "Grahl, Arvid"]
[Result "0-1"]
[WhiteElo "2161"]
[BlackElo "2148"]
[PlyCount "140"]
[EventDate "2022.??.??"]

1. e4 c6 2. d4 d5 3. exd5 cxd5 4. c3 Nf6 5. Bf4 Nc6 6. Bd3 Bg4 7. Qb3 Qc8 8.
Nd2 e6 9. Ngf3 Be7 10. Ne5 Bh5 11. O-O O-O 12. h3 Nxe5 13. Bxe5 Bg6 14. Be2 Ne4
15. Nxe4 Bxe4 16. Rfe1 Qc6 17. Bb5 Qb6 18. Bf1 Qc6 19. a4 Bd6 20. Bxd6 Qxd6 21.
a5 Rfc8 22. Ra4 Rc7 23. Rb4 Qe7 24. Rb5 Rd8 25. Qb4 Qxb4 26. Rxb4 g5 27. f3 Bg6
28. g3 Kg7 29. Kf2 h5 30. h4 gxh4 31. gxh4 Bf5 32. Be2 Kf6 33. Rg1 Rh8 34. Rg5
Ke7 35. f4 Bg6 36. Bf3 Kd6 37. Bxd5 exd5 38. f5 Bh7 39. Rxh5 f6 40. b3 Rg8 41.
c4 Rg4 42. c5+ Kc6 43. Kf3 Re4 44. a6 bxa6 45. Rb8 Rxd4 46. Rh8 Rb7 47. R5xh7
Rxb3+ 48. Ke2 Re4+ 49. Kd2 Kxc5 50. Rxa7 Ra3 51. Rc8+ Kd4 52. Rb7 a5 53. Kc2
Rxh4 54. Rb6 Rh2+ 55. Kb1 Ke5 56. Rcc6 Rf3 57. Re6+ Kd4 58. Rbc6 Rxf5 59. Rxf6
Rxf6 60. Rxf6 Kc4 61. Ra6 Kb5 62. Rd6 Rd2 63. Kc1 Rd4 64. Kc2 a4 65. Rd8 Rc4+
66. Kd3 Rc5 67. Kd4 Kb4 68. Ra8 Ra5 69. Rb8+ Rb5 70. Ra8 Kb3 0-1

[Event "OLNN 2122 SC Diogenes - SF Schwerin"]
[Site "?"]
[Date "2022.05.29"]
[Round "5.7"]
[White "Heinsohn, Wilfried"]
[Black "Hein, Ralf"]
[Result "1/2-1/2"]
[WhiteElo "2131"]
[BlackElo "2045"]
[PlyCount "66"]
[EventDate "2022.??.??"]

1. e4 c5 2. Nc3 Nc6 3. f4 d6 4. Nf3 g6 5. Bc4 Bg7 6. O-O e6 7. d3 Nge7 8. Qe1
a6 9. a3 O-O 10. Qh4 d5 11. Ba2 Nd4 12. Nxd4 cxd4 13. Ne2 dxe4 14. dxe4 Nc6 15.
Qg3 b5 16. Kh1 b4 17. Rd1 a5 18. Bc4 Qb6 19. a4 Ba6 20. Bxa6 Qxa6 21. Qd3 Qxd3
22. cxd3 f6 23. Bd2 e5 24. Rac1 Rfc8 25. Rc4 Ne7 26. Rdc1 Rxc4 27. Rxc4 Rc8 28.
Rxc8+ Nxc8 29. fxe5 fxe5 30. Bg5 Nd6 31. Nc1 Nb7 32. Nb3 Kf7 33. Kg1 Bf6
1/2-1/2

[Event "OLNN 2122 SC Diogenes - SF Schwerin"]
[Site "?"]
[Date "2022.05.29"]
[Round "5.8"]
[White "Kilic, Oguz"]
[Black "Schmidt, Arne"]
[Result "1-0"]
[WhiteElo "2042"]
[BlackElo "1747"]
[PlyCount "119"]
[EventDate "2022.??.??"]

1. e4 c6 2. Nc3 d5 3. d3 dxe4 4. Nxe4 Nf6 5. Bg5 Bf5 6. Qe2 e6 7. Nxf6+ gxf6 8.
Bd2 Nd7 9. f4 h5 10. g3 Qb6 11. O-O-O O-O-O 12. Bh3 Bxh3 13. Nxh3 Nc5 14. Bc3
Be7 15. b3 Na6 16. Kb1 Nb4 17. Nf2 Nd5 18. Bb2 Ba3 19. c4 Bxb2 20. Qxb2 Ne3 21.
Rd2 Qd4 22. Ne4 f5 23. Ng5 Qxb2+ 24. Kxb2 Rd7 25. h3 Rhd8 26. Kc3 b5 27. a3 a5
28. Re1 b4+ 29. axb4 axb4+ 30. Kxb4 Rxd3 31. Rde2 Nd1 32. Nxf7 R8d7 33. Ne5 Nc3
34. Nxd3 Nxe2 35. Rxe2 Rxd3 36. Rxe6 Kd7 37. Rh6 Rxg3 38. Rxh5 Ke6 39. Rh6+ Kd7
40. Kc5 Rxb3 41. Rh7+ Ke8 42. Kxc6 Rf3 43. Rh4 Ke7 44. c5 Ke6 45. Kb7 Rb3+ 46.
Kc7 Rc3 47. c6 Kd5 48. Rh6 Ke4 49. Kd7 Rd3+ 50. Kc8 Kxf4 51. c7 Kg3 52. Kb7
Rb3+ 53. Rb6 Rxb6+ 54. Kxb6 f4 55. c8=Q f3 56. Qg4+ Kf2 57. h4 Ke3 58. h5 f2
59. Qg3+ Ke2 60. Qxf2+ 1-0

[Event "OLNN 2122 Preetzer TSV - Schachfreunde"]
[Site "?"]
[Date "2022.05.29"]
[Round "5.1"]
[White "Ritscher, Jan-Paul"]
[Black "Pedersen, Steffen"]
[Result "0-1"]
[WhiteElo "2269"]
[BlackElo "2344"]
[PlyCount "102"]
[EventDate "2022.??.??"]

1. d4 d5 2. Nf3 Nf6 3. c4 e6 4. g3 dxc4 5. Bg2 c5 6. O-O Nc6 7. dxc5 Qxd1 8.
Rxd1 Bxc5 9. Nbd2 c3 10. bxc3 O-O 11. Nb3 Be7 12. Nfd4 Nxd4 13. cxd4 Nd5 14. e4
Nc3 15. Re1 Bd7 16. Nc5 Bb5 17. Bf1 Bxf1 18. Kxf1 Bxc5 19. dxc5 Rfc8 20. Be3
Nxe4 21. Rab1 b6 22. cxb6 axb6 23. Rxb6 Rxa2 24. Reb1 h6 25. Rb8 Ra8 26. Rxc8+
Rxc8 27. Rb7 Nf6 28. h4 Nd5 29. Bd4 Rc4 30. Ba7 h5 31. Kg2 f6 32. Rb3 Kf7 33.
Be3 e5 34. Ra3 Rc2 35. Ba7 e4 36. Bd4 Rd2 37. Be3 Rc2 38. Bd4 Rd2 39. Be3 Rb2
40. Bd4 Rb4 41. Bc5 Rb8 42. Bd4 Rb4 43. Bc5 Rc4 44. Ra7+ Ke6 45. Ra5 Rc2 46.
Kh3 g6 47. Bd4 Rd2 48. Bc5 Rd3 49. Ra8 Kf5 50. Rf8 Nf4+ 51. Kh2 Ne6 0-1

[Event "OLNN 2122 Preetzer TSV - Schachfreunde"]
[Site "?"]
[Date "2022.05.29"]
[Round "5.2"]
[White "Reinecker, Kai"]
[Black "Nedic, Dusan"]
[Result "0-1"]
[WhiteElo "2271"]
[BlackElo "2303"]
[PlyCount "68"]
[EventDate "2022.??.??"]

1. e4 c5 2. c3 d6 3. d4 Nf6 4. dxc5 Nc6 5. Qc2 dxc5 6. Nf3 Bg4 7. Bb5 Bxf3 8.
gxf3 Qb6 9. Na3 a6 10. Qa4 Rc8 11. Be2 Qc7 12. Be3 e6 13. Rg1 Rd8 14. f4 h5 15.
h3 h4 16. Rg5 g6 17. e5 Nd5 18. O-O-O Be7 19. Rgg1 O-O 20. Qe4 Kh7 21. Bd3 Rg8
22. Qf3 Kh8 23. Be4 Nd4 24. Qg4 b5 25. Nc2 Nf5 26. Qf3 Nb6 27. Rxd8 Rxd8 28. b3
c4 29. b4 Na4 30. Bxf5 exf5 31. Bd4 Kh7 32. e6 fxe6 33. Qe2 Qxf4+ 34. Kb1 Qxd4
0-1

[Event "OLNN 2122 Preetzer TSV - Schachfreunde"]
[Site "?"]
[Date "2022.05.29"]
[Round "5.3"]
[White "Andersen, Jens Knud"]
[Black "Schwarz, Frank"]
[Result "0-1"]
[WhiteElo "2165"]
[BlackElo "2227"]
[PlyCount "64"]
[EventDate "2022.??.??"]

1. Nf3 d5 2. e3 Nf6 3. b3 e6 4. Bb2 Bd6 5. d4 O-O 6. Bd3 Nbd7 7. O-O b6 8. c4
Bb7 9. Nc3 a6 10. Qe2 Ne4 11. Rad1 f5 12. Ne5 Rf6 13. f3 Nxc3 14. Bxc3 a5 15.
Nxd7 Qxd7 16. e4 Bb4 17. Bb2 Qe7 18. cxd5 exd5 19. e5 Rff8 20. f4 a4 21. Bb5 c6
22. Bd3 g6 23. Qc2 Rfe8 24. bxa4 c5 25. Bb5 cxd4 26. Qd3 Bc3 27. Rb1 Qc5 28.
Bc1 Bc6 29. Rd1 Rxa4 30. Bxa4 Bxa4 31. Rb3 Qc4 32. Bd2 Qxd3 0-1

[Event "OLNN 2122 Preetzer TSV - Schachfreunde"]
[Site "?"]
[Date "2022.05.29"]
[Round "5.4"]
[White "Moeller, Dustin"]
[Black "Gremmel, Jonas Simon"]
[Result "1/2-1/2"]
[WhiteElo "2238"]
[BlackElo "2019"]
[PlyCount "80"]
[EventDate "2022.??.??"]

1. c4 e6 2. Nf3 Nf6 3. Nc3 d5 4. d4 Be7 5. Bf4 O-O 6. e3 b6 7. Bd3 Bb7 8. cxd5
exd5 9. O-O a6 10. Ne5 Nbd7 11. Qf3 Re8 12. g4 Bd6 13. Nxf7 Kxf7 14. Bxd6 cxd6
15. g5 Kg8 16. gxf6 Nxf6 17. Kh1 Ne4 18. Bxe4 dxe4 19. Qg3 Qf6 20. Rg1 Rac8 21.
Rg2 Re7 22. Rag1 g6 23. h4 Rg7 24. Qg5 Qf3 25. Qg4 Re8 26. h5 Ree7 27. hxg6 Kh8
28. Kh2 hxg6 29. Qxf3 exf3 30. Rg5 Rh7+ 31. Kg3 Ref7 32. Rg4 Rf5 33. e4 Rf6 34.
Rh4 Rxh4 35. Kxh4 Kg7 36. Kg5 d5 37. e5 Rf5+ 38. Kg4 Bc8 39. Kg3 Rg5+ 40. Kh2
Rh5+ 1/2-1/2

[Event "OLNN 2122 Preetzer TSV - Schachfreunde"]
[Site "?"]
[Date "2022.05.29"]
[Round "5.6"]
[White "Light, Bjarne"]
[Black "Mix, Clemens"]
[Result "0-1"]
[WhiteElo "2212"]
[BlackElo "1993"]
[PlyCount "58"]
[EventDate "2022.??.??"]

1. c4 c5 2. g3 Nc6 3. Bg2 g6 4. Nc3 Bg7 5. a3 e6 6. b4 Nxb4 7. axb4 cxb4 8. Rb1
bxc3 9. d3 Ne7 10. Nf3 O-O 11. O-O d5 12. d4 dxc4 13. Ba3 Re8 14. Qc2 Bd7 15.
Rxb7 Bc6 16. Rbb1 Rb8 17. e3 Rxb1 18. Rxb1 Qa8 19. Ne1 Bxg2 20. Nxg2 Nd5 21.
Nf4 Nxf4 22. gxf4 Rb8 23. Rxb8+ Qxb8 24. Qxc3 Qb3 25. Qa5 Bf8 26. Bxf8 Kxf8 27.
Qxa7 c3 28. Qc5+ Kg8 29. Kg2 Qd5+ 0-1

[Event "OLNN 2122 Preetzer TSV - Schachfreunde"]
[Site "?"]
[Date "2022.05.29"]
[Round "5.7"]
[White "Hermann, Matthias"]
[Black "Willsch, Matthias"]
[Result "1/2-1/2"]
[WhiteElo "2220"]
[BlackElo "2155"]
[PlyCount "120"]
[EventDate "2022.??.??"]

1. Nc3 d5 2. e4 e6 3. Nf3 Bb4 4. Qe2 Nf6 5. exd5 O-O 6. dxe6 Re8 7. Nd1 Bxe6 8.
Ne3 c5 9. a3 Ba5 10. b4 cxb4 11. axb4 Bxb4 12. Qb5 Qe7 13. Bb2 Nc6 14. Qg5 h6
15. Bxf6 hxg5 16. Bxe7 Bxe7 17. Bb5 Bf6 18. Bxc6 bxc6 19. Ra4 Bd7 20. h3 a5 21.
O-O c5 22. Ra3 a4 23. c3 Be6 24. Rb1 Bb3 25. c4 Rab8 26. d3 Red8 27. Kf1 Rxd3
28. Rxa4 Rxe3 29. fxe3 Bxc4+ 30. Rxc4 Rxb1+ 31. Ke2 Be7 32. Ne5 f5 33. g4 Bd6
34. Nd3 fxg4 35. hxg4 Rb5 36. e4 Kf7 37. e5 Be7 38. Ke3 Ke6 39. Ke4 Ra5 40. Ne1
Ra1 41. Nd3 Ra5 42. Nc1 Ra1 43. Nd3 Rg1 44. Nxc5+ Bxc5 45. Rxc5 Rxg4+ 46. Kf3
Rf4+ 47. Kg3 Re4 48. Kf3 Rxe5 49. Rc8 Ra5 50. Kg4 Kf6 51. Rc6+ Kf7 52. Rb6 Kg8
53. Rg6 Kh7 54. Rxg5 Rxg5+ 55. Kxg5 g6 56. Kg4 Kh6 57. Kh4 g5+ 58. Kg4 Kg6 59.
Kg3 Kf5 60. Kf3 g4+ 1/2-1/2

[Event "OLNN 2122 SK Johanneum Eppendorf - Kön"]
[Site "?"]
[Date "2022.05.29"]
[Round "5.4"]
[White "Behrhorst, Frank"]
[Black "Wagner, Friedrich"]
[Result "1/2-1/2"]
[WhiteElo "2227"]
[BlackElo "2239"]
[PlyCount "48"]
[EventDate "2021.??.??"]

1. d4 d5 2. c4 c6 3. Nf3 Nf6 4. Nc3 a6 5. cxd5 cxd5 6. Bf4 Nc6 7. e3 Bg4 8. Be2
e6 9. O-O Be7 10. h3 Bh5 11. Ne5 Bxe2 12. Qxe2 Rc8 13. Rfc1 O-O 14. Nd3 Nd7 15.
Na4 Nb4 16. Rxc8 Qxc8 17. Rc1 Qd8 18. Bc7 Qa8 19. Nxb4 Bxb4 20. a3 Be7 21. Nb6
Nxb6 22. Bxb6 Rc8 23. Qd2 Rxc1+ 24. Qxc1 Bd8 1/2-1/2

[Event "OLNN 2122 Lübecker SV - Hamburger SK I"]
[Site "?"]
[Date "2022.05.29"]
[Round "5.1"]
[White "Colpe, Malte"]
[Black "Kalinitschew, Sergey"]
[Result "1/2-1/2"]
[WhiteElo "2348"]
[BlackElo "2405"]
[PlyCount "64"]
[EventDate "2022.??.??"]

1. d4 e6 2. c4 f5 3. g3 Nf6 4. Bg2 c6 5. Nf3 d5 6. O-O Bd6 7. Nc3 O-O 8. Qc2
Qe7 9. Rb1 Nbd7 10. a3 a5 11. Nd2 b6 12. b4 axb4 13. axb4 Bxb4 14. Qb3 Bxc3 15.
Qxc3 Bb7 16. c5 Ba6 17. cxb6 Bb5 18. b7 Ra7 19. Nb3 Qd8 20. Bf4 Rxb7 21. Na5
Rb6 22. f3 Ra6 23. Nb7 Qa8 24. Nd6 Ra3 25. Rb3 Rxb3 26. Qxb3 Rb8 27. Qc3 Rb6
28. Rb1 Nf8 29. Bf1 N6d7 30. Rb3 h6 31. Qb2 g5 32. Bd2 Ra6 1/2-1/2

[Event "OLNN 2122 Lübecker SV - Hamburger SK I"]
[Site "?"]
[Date "2022.05.29"]
[Round "5.2"]
[White "Schmidt, Harald"]
[Black "Gaede, Derek"]
[Result "1/2-1/2"]
[WhiteElo "2337"]
[BlackElo "2301"]
[PlyCount "106"]
[EventDate "2022.??.??"]

1. e4 e6 2. d4 d5 3. exd5 exd5 4. Bd3 Nf6 5. Nc3 c6 6. Nf3 Bd6 7. h3 O-O 8. O-O
Nbd7 9. Re1 Re8 10. Bg5 h6 11. Bd2 Nf8 12. Rxe8 Qxe8 13. Qe2 Ne6 14. Re1 Qd8
15. Nd1 Qb6 16. c3 Bd7 17. Ne5 c5 18. Nxd7 Nxd7 19. Qg4 Nf6 20. Qf5 Ng5 21.
Bxg5 hxg5 22. dxc5 Bxc5 23. Qxg5 d4 24. Qh4 dxc3 25. Nxc3 Qxb2 26. Ne4 Nxe4 27.
Bxe4 g6 28. Rb1 Qd4 29. Kh1 Re8 30. f3 b6 31. Qg5 Re5 32. Qc1 Qf2 33. Qf4 Bd4
34. Rd1 Kg7 35. Qd2 Qxd2 36. Rxd2 Bc5 37. g3 f5 38. Bc6 a5 39. f4 Re1+ 40. Kg2
Rg1+ 41. Kh2 Re1 42. Bb5 Re4 43. a4 Rd4 44. Re2 Kf6 45. h4 Bb4 46. Re8 Rd2+ 47.
Kh3 Bc5 48. Rc8 Bg1 49. g4 fxg4+ 50. Kxg4 Bc5 51. Rc6+ Rd6 52. Rc7 Rd4 53. Be8
Rxf4+ 1/2-1/2

[Event "OLNN 2122 Lübecker SV - Hamburger SK I"]
[Site "?"]
[Date "2022.05.29"]
[Round "5.3"]
[White "Schumacher, Norbert"]
[Black "Ehrke, Michael"]
[Result "1/2-1/2"]
[WhiteElo "2137"]
[BlackElo "2215"]
[PlyCount "73"]
[EventDate "2022.??.??"]

1. d4 d5 2. c4 Bf5 3. Nc3 e6 4. Nf3 c6 5. Bf4 Nd7 6. Qb3 Qb6 7. c5 Qxb3 8. axb3
a6 9. e3 Be7 10. h3 h6 11. g4 Bh7 12. h4 Ngf6 13. Rg1 Ne4 14. h5 Ng5 15. Nxg5
hxg5 16. Bc7 e5 17. b4 Bf6 18. O-O-O exd4 19. exd4 Nf8 20. Ne2 Ne6 21. Bd6 a5
22. b5 a4 23. Rg3 cxb5 24. Nc3 b4 25. Bb5+ Kd8 26. Nxd5 a3 27. bxa3 bxa3 28.
Nxf6 gxf6 29. Bc4 Ra4 30. Bb3 Rxd4 31. Bxe6 Rxd1+ 32. Kxd1 fxe6 33. Rxa3 Kd7
34. f3 Re8 35. Rb3 Kc8 36. Ra3 Kd7 37. Rb3 1/2-1/2

[Event "OLNN 2122 Lübecker SV - Hamburger SK I"]
[Site "?"]
[Date "2022.05.29"]
[Round "5.4"]
[White "Krause, Ullrich"]
[Black "Kotyk, Michael"]
[Result "1-0"]
[WhiteElo "2202"]
[BlackElo "2170"]
[PlyCount "100"]
[EventDate "2022.??.??"]

1. Nf3 Nf6 2. c4 e6 3. g3 d5 4. d4 Be7 5. Bg2 O-O 6. O-O c6 7. Qc2 b6 8. Bf4
Nbd7 9. Rd1 Bb7 10. Ne5 Nxe5 11. dxe5 Nd7 12. e4 dxc4 13. Qxc4 Rc8 14. Nc3 Qc7
15. Rac1 a6 16. Qe2 Nxe5 17. Nd5 exd5 18. exd5 Bd6 19. dxc6 Ba8 20. Rxd6 Qxd6
21. Qxe5 Qxe5 22. Bxe5 Rfe8 23. Bd4 Bxc6 24. Bxc6 Re6 25. Bxb6 Rexc6 26. Rxc6
Rxc6 27. Bd4 Rc2 28. Kg2 f6 29. Kf3 Kf7 30. Ke3 g5 31. g4 Ke6 32. Ke4 Rc1 33.
Kf3 Re1 34. Bc3 Rg1 35. a4 f5 36. h3 Rd1 37. Kg2 Rd3 38. a5 Rd5 39. Kf3 Rd3+
40. Kg2 Rd5 41. Kf3 Rb5 42. Ke3 Rb7 43. f4 h6 44. Kf3 Rh7 45. Ke3 Rd7 46. Be5
h5 47. gxh5 Rh7 48. Kf3 Rxh5 49. Kg3 Rh7 50. Bb8 Rb7 1-0